000 01006nmm a2200301 a 4500
001 ocm0001916500
003 TR-IsHL
005 20201028173125.0
008 180906s2018 tu tur
007 cr cn
020 _a9789752475618
035 _a1916500
_b(N$T)
050 0 4 _aLB2331.74.T8
_bO9 2018
090 0 4 _aLB2331.74.T8
_bO9 2018
100 1 _aÖzaslan, Gökhan
245 1 0 _aAraştırma görevlilerinin çalışma yaşamı kalitesi
_h[electronic resource] /
_cGökhan Özaslan ; Prof. Dr. Musa Gürsel
250 _a2. Baskı
260 _aKonya :
_bEğitim Yayınevi,
_c2018
300 _a240 p.
650 4 _aEğitim
650 4 _aEducation
650 0 _aYükseköğretim
_x Akademik kadrolar
650 0 _aÜniversiteler ve yüksekokullar
650 0 _aUniversities and colleges
_x Turkey.
650 7 _aEDUCATION / Higher
_2bisacsh
700 1 _aGürsel, Musa
856 4 0 _uhttp://search.ebscohost.com/login.aspx?direct=true&scope=site&db=e011xww&AN=1916500
999 _c17543
_d17543